000 00532nam a2200205 a 4500
005 20210219153535.0
008 991125n 000 0 spa u
035 _aUPN01000105556
100 1 _aPérez Rivera, Arnulfo
222 _aEDUCACION DOSMIL
245 _a¿ Cómo quisieran los alumnos que fueramos nosotros?
260 _aMéxico
300 _a10
362 0 _a1983 Año 1, no. 9, dic.
653 0 _aALUMNOS
653 0 _aMAESTROS
653 0 _aPSICOLOGIA EVOLUTIVA
904 _aAC
_b043367
905 _aArticulo
999 _c79517
_d79517